Statistiken für Woher kommen die Mythenwesen?

Klicken Sie hier um das Quiz zu spielen!

Allgemein

  • Dieses Quiz wurde 91 mal gespielt
  • Das Durchschnittsergebnis liegt bei 14 aus 36

Antwortstatistiken

MythenwesenHerkunft/Ursprung% Korrekt
VampirRumänien
92%
BigfootUSA
88%
FenghuangChina
80%
ZyklopGriechenland
80%
MinotaurosGriechenland
76%
NessieSchottland
75%
HydraGriechenland
73%
LoreleiDeutschland
72%
ZentaurenGriechenland
72%
PegasusGriechenland
68%
MeerjungfrauDänemark
67%
Yuki OnnaJapan
64%
ShenlongChina
63%
TenguJapan
56%
OniJapan
53%
FrankensteinDeutschland
47%
KappaJapan
39%
BakuJapan
37%
NekomataJapan
36%
Dschinn (Lampengeist)Arabien
33%
GolemIsrael
29%
YetiTibet
28%
MondhaseJapan
24%
FafnirIsland
20%
KurmaIndien
16%
BehemothIsrael
13%
FeeKeltisch
8%
TrollNordisch/Skandinavien
8%
PixieEngland
7%
BansheeKeltisch
7%
ZwergNordisch/Skandinavien
7%
ElfenNordisch/Skandinavien
4%
BahamutArabien
3%
WerwolfGermanisch
1%
KelpieKeltisch
1%
BabajagaSlawisch
0%

Verteilung der Resultate

Perzentil nach korrekt beantworteten Fragen

Anzahl Personen mit jedem Resultat

Ihre Resultats-Entwicklung

Sie haben dieses Quiz noch nicht gespielt